Famous Figures: Who Died First? Quiz Stats

Quiz Updated Sep 20, 2017

Also try: Shot or Not?
Challenge
Share
Tweet
Embed
Score 0/20 Timer 04:00
2 Plays Today
1 1 or 2? % Correct
Jimmy Carter???
83.9%
Humphrey Bogart???
78.7%
Tom Clancy???
78.4%
Agatha Christie???
75.9%
Julius Caesar???
73.6%
Martin Van Buren???
71.5%
Harpo Marx???
71.3%
Marc Antony???
70.2%
Charles Dickens???
70.2%
Sinclair Lewis???
70.1%
1 1 or 2? % Correct
Audrey Hepburn???
65.5%
Charlie Chaplin???
65.1%
Peter Lawford???
63%
Lucille Ball???
62.3%
Winston Churchill???
59%
Andrew Jackson???
56.7%
George Eliot???
54.6%
Herbert Hoover???
51.3%
John Adams???
46.3%
Francis Bacon???
28.8%

You're not logged in!

Compare scores with friends on all Sporcle quizzes.
Join for Free
OR
Log In

You Might Also Like...

Show Comments

Extras

Top Quizzes Today


Score Distribution

Your Account Isn't Verified!

In order to create a playlist on Sporcle, you need to verify the email address you used during registration. Go to your Sporcle Settings to finish the process.

Report this User

Report this user for behavior that violates our Community Guidelines.

Details: